000 00662nam a2200229 a 4500
001 13788
003 BD-JhCC
005 20240322104138.0
008 240322b 2023b |||| ||a| 000 0 b d
020 _a9789845028530
035 _a(BD-JhCC)13788
040 _aBD-JhCC
_dBD-JhCC
041 _aben
082 _a891.4415
_bHAS 2023
100 _a হাসান, তাহমিদ
245 _aশাশ্বত সংলাপ /
_b তাহমিদ হাসান
260 _aঢাকা:
_bঅন্যপ্রকাশ;
_c2023.
300 _a79 p. :
_c18 cm.
650 _aবাংলা কবিতা
942 _2ddc
_cBK
999 _c13788
_d13788